Compagnies aériennes avec le plus de passagers - Statistiques

Statistiques générales
  • Ce quiz a été pris 9 873 fois
    9 521 depuis la dernière actualisation
  • Le résultat moyen est 7 sur 20
Statistiques - réponses
# Pays Compagnie % Correct
65,0 France Air France/KLM
98%
168,6 Irlande Ryanair
65%
43,6 Émirats Emirates Airline
62%
101,8 Allemagne Lufthansa
60%
71,8 Turquie Turkish Airlines
57%
199,3 États-Unis American Airlines
54%
69,7 Royaume-Uni easyJet
49%
94,7 Espagne IAG
48%
38,7 Japon All Nippon Airways
42%
171,4 États-Unis Delta Airlines
41%
94,7 États-Unis United Airlines
24%
40,7 Russie Aeroflot
16%
51,1 Hongrie Wizz Air
13%
126,6 États-Unis Southwest Airlines
12%
62,4 Chili LATAM
10%
42,5 Chine China Eastern
9%
62,6 Chine China Southern
8%
85,3 Inde IndiGo
7%
41,5 États-Unis Alaska Air
6%
39,6 États-Unis JetBlue
6%
Aucun quiz correspondant
Distribution des résultats
% des personnes avec chaque résultat
Percentile par nombre de réponses
Votre historique - résultats
Vous n’avez pas pris ce quiz depuis la dernière actualisation